El paraíso de Hafner = Hafner's Paradise /

A sus 83 años de edad, Paul Hafner es un pacífico patriarca alemán exilado en España. Detrás de su feliz vida de confort están sus recuerdos como oficial de la Waffen-SS, cuerpo de combate de élite del nazismo, régimen que añora y del que no siente remordimientos; a lo largo de su discurso niega la...

Cijeli opis

Spremljeno u:
Bibliografski detalji
Glavni autor: Schwaiger, Günter (realización)
Format: Slajd
Jezik:German
Teme:
Oznake: Dodaj oznaku
Bez oznaka, Budi prvi tko označuje ovaj zapis!

MARC

LEADER 00000ngm^a2200000^a^4500
001 000312023
005 20250521000000.0
009 20260310113104.072
037 |a Acervo ITESO - Biblioteca 
041 |a ALE 
082 |a 943. 086  |b SCH 
100 |a Schwaiger, Günter  |e (realización) 
245 1 3 |a El paraíso de Hafner =  |b Hafner's Paradise /  |c Realización de G. Schwaiger. 
264 2 |a México :  |b Zafra [distribución] :  |b Cineteca Nacional,  |c copyright fecha no identificada 
300 |a 1 DVD región 4  |c (72 min.) 
336 |a imagen móvil bidimensional  |b tdi  |2 rdacontenido 
337 |a video  |b v  |2 rdamedio 
338 |a videodisco  |b vd  |2 rdasoporte 
520 |a A sus 83 años de edad, Paul Hafner es un pacífico patriarca alemán exilado en España. Detrás de su feliz vida de confort están sus recuerdos como oficial de la Waffen-SS, cuerpo de combate de élite del nazismo, régimen que añora y del que no siente remordimientos; a lo largo de su discurso niega la existencia del holocausto. El objetivo de este documento es señalar la complicidad del franquismo con el nazismo, hecho por el que Hafner no fue juzgado por crímenes contra la humanidad y, por el contrario, fue recibido sin cuestionamientos y con los brazos abiertos en la España franquista que se solidarizaba con los representantes un régimen ideológicamente afín. 
546 |a En alemán, con subtítulos opcionales: español 
649 |a XX 
650 |a Documentales 
650 |a Cine Austríaco -  |y 2000-2009 
650 |a Cine Austríaco -  |y Siglo XXI 
650 |a Opera Prima 
650 |a Criminales de Guerra Alemanes 
650 |a Militares Alemanes 
650 |a Nazismo -  |z Alemania -  |x Historia -  |y Siglo XX 
650 |a Fuerzas Armadas -  |z Alemania -  |x Historia -  |y Tercer Reich, 1933-1945 
650 |a Genocidio -  |z Europa -  |y 1918-1945 
650 |a Crímenes contra la Humanidad -  |z Alemania -  |y Tercer Reich, 1933-1945 
650 |a Delitos Internacionales 
650 |a Exilio Alemán en España 
650 |a Impunidad (Derecho) -  |z España 
650 |a Política Exterior -  |z España -  |y Franquismo, 1939-1975 
650 |a Derecha -  |z España -  |y Franquismo, 1939-1975 
650 |a Guerra Mundial (Segunda), 1939-1945 
650 |a Alemania -  |x Historia -  |y Tercer Reich, 1933-1945 
650 |a Hafner, Paul -  |x Tema Principal 
910 |a Fondo General 
920 |a Audiovisuales - DVDs 
940 |a Películas 
905 |a 302 
901 |a 0500196327  |b IT2  |c DVS  |i C122370  |u 20250521 
902 |a https://opac.biblio.iteso.mx/vufind/Record/000312023